000 00685nam a2200205Ia 4500
005 20260601193255.0
008 260601s9999||||xx |||||||||||||| ||und||
020 _a978-3-031-69986-3
_qebk
100 _aMieczyslaw Lech Owoc
245 0 _aComputational Intelligence in Data Science
250 _a2024
260 _aHeidelberg, Germany
_bSpringer Nature
_c2024
440 _aIFIP Advances in Information and Communication Technology
650 _aComputer Science
700 _aFelix Enigo Varghese Sicily
700 _aKanchana Rajaram
700 _aPrabavathy Balasundaram
856 _uhttps://link.springer.com/openurl?genre=book&isbn=978-3-031-69986-3
942 _cEB
_2ddc
999 _c56856
_d56856